Awadheshwari / (Record no. 17002)
[ view plain ]
| 000 -LEADER | |
|---|---|
| fixed length control field | 00600nam a22002297a 4500 |
| 003 - CONTROL NUMBER IDENTIFIER | |
| control field | dpl |
| 005 - DATE AND TIME OF LATEST TRANSACTION | |
| control field | 20180727124133.0 |
| 008 - FIXED-LENGTH DATA ELEMENTS--GENERAL INFORMATION | |
| fixed length control field | 081020t xxu||||| |||| 00| 0 eng d |
| 010 ## - LIBRARY OF CONGRESS CONTROL NUMBER | |
| LC control number | ENG-84035 |
| 020 ## - INTERNATIONAL STANDARD BOOK NUMBER | |
| International Standard Book Number | 8126022299 |
| 020 ## - INTERNATIONAL STANDARD BOOK NUMBER | |
| Terms of availability | 200.00 (hb) |
| 035 ## - SYSTEM CONTROL NUMBER | |
| System control number | EN-67568, B-222249 |
| 040 ## - CATALOGING SOURCE | |
| Transcribing agency | 0 |
| 082 ## - DEWEY DECIMAL CLASSIFICATION NUMBER | |
| Classification number | N / PUN |
| 100 ## - MAIN ENTRY--PERSONAL NAME | |
| Personal name | Punekar, Shankar Mokashi |
| 245 ## - TITLE STATEMENT | |
| Title | Awadheshwari / |
| Statement of responsibility, etc | by Shankar Mokashi Punekar; translated by P P Giridhar |
| 260 ## - PUBLICATION, DISTRIBUTION, ETC. (IMPRINT) | |
| Place of publication, distribution, etc | New Delhi |
| Name of publisher, distributor, etc | Sahitya Akademi |
| 260 ## - PUBLICATION, DISTRIBUTION, ETC. (IMPRINT) | |
| Date of publication, distribution, etc | 2006 |
| 300 ## - PHYSICAL DESCRIPTION | |
| Extent | 408p |
| Dimensions | 22cm |
| 700 ## - ADDED ENTRY--PERSONAL NAME | |
| Personal name | Giridhar, P P |
| Titles and other words associated with a name | tr |
| 942 ## - ADDED ENTRY ELEMENTS (KOHA) | |
| Source of classification or shelving scheme | Dewey Decimal Classification |
| Koha item type | English Books |
| Classification part | N |
| Call number suffix | PUN |
| Withdrawn status | Lost status | Source of classification or shelving scheme | Damaged status | Not for loan | Home library | Current library | Date acquired | Cost, normal purchase price | Total Checkouts | Full call number | Barcode | Date last seen | Copy number | Cost, replacement price | Price effective from | Koha item type | Collection code | Source of acquisition | Total Renewals | Date checked out |
|---|---|---|---|---|---|---|---|---|---|---|---|---|---|---|---|---|---|---|---|---|
| Dewey Decimal Classification | Not For Loan | D.B.Act.Division | D.B.Act.Division | 22/02/2007 | 200.00 | N PUN | EN-67568 | 21/10/2008 | 1 | 200.00 | 21/10/2008 | English Books | ||||||||
| Dewey Decimal Classification | R.K.Puram-8 | R.K.Puram-8 | 22/08/2023 | 200.00 | 1 | N PUN | B-222243 | 24/08/2023 | 1 | 200.00 | 22/08/2023 | English Books | Fiction | 22/08/2023 | ||||||
| Dewey Decimal Classification | Sarojini Nagar | Sarojini Nagar | 20/12/2018 | 1 | N PUN | B-222242 | 20/08/2019 | 20/12/2018 | English Books | Fiction | 1 | 19/07/2019 | ||||||||
| Dewey Decimal Classification | Shahdara Branch | Shahdara Branch | 27/07/2018 | 200.00 | N PUN | B-222249 | 27/07/2018 | 200.00 | 27/07/2018 | English Books | Fiction | BPPD/PUB |
